[Event "SVR-op"]
[Site "Trier"]
[Date "2016.03.20"]
[Round "3"]
[White "Vochtel, Kevin"]
[Black "Conrad, Nico"]
[Result "1-0"]
[WhiteElo "1101"]
[BlackElo "782"]
[PlyCount "43"]
[EventDate "2016.03.19"]
[EventType "swiss"]
[EventRounds "7"]
[EventCountry "GER"]
[SourceTitle "CBM 171 Extra"]
[Source "ChessBase"]
[SourceDate "2016.04.26"]
[SourceVersion "1"]
[SourceVersionDate "2016.04.26"]
[SourceQuality "1"]

1. e4 e5 2. f4 Bd6 3. fxe5 Bxe5 4. Nf3 Nc6 5. Bc4 Nf6 6. d4 d6 7. dxe5 dxe5 8. Qxd8+ Nxd8 9. 0-0 0-0 10. Nc3 Bg4 11. Bg5 Be6 12. Nxe5 Bxc4 13. Nxc4 Nd7 14. Rf3 Re8 15. Raf1 Ne5 16. Nxe5 Rxe5 17. Bxd8 Rxd8 18. Rxf7 Rc5 19. Nd5 c6 20. Rf8+ Rxf8 21. Ne7+ Kh8 22. Rxf8# 1-0

[Event "SVR op"]
[Site "Nickenich"]
[Date "2015.04.03"]
[Round "6"]
[White "Daub, Christina"]
[Black "Vochtel, Kevin"]
[Result "1-0"]
[WhiteElo "1480"]
[BlackElo "983"]
[PlyCount "49"]
[EventDate "2015.03.28"]
[EventType "swiss"]
[EventRounds "7"]
[EventCountry "GER"]
[SourceTitle "EXT 2016"]
[Source "ChessBase"]
[SourceDate "2015.10.08"]
[SourceVersion "1"]
[SourceVersionDate "2015.10.08"]
[SourceQuality "1"]

1. e4 e5 2. Nf3 Nc6 3. d4 exd4 4. Bc4 Bb4+ 5. c3 dxc3 6. bxc3 Be7 7. Qd5 Nh6 8. Bxh6 0-0 9. Be3 d6 10. 0-0 Be6 11. Qd3 Bxc4 12. Qxc4 Ne5 13. Qe2 f5 14. Nxe5 dxe5 15. Rd1 Qc8 16. Qc4+ Kh8 17. exf5 Rxf5 18. Nd2 b6 19. Ne4 h6 20. Rd2 Kh7 21. Rad1 Bd6 22. Qd3 Qf8 23. Nxd6 Rd8 24. Qxf5+ Qxf5 25. Nxf5 1-0

[Event "SVR op"]
[Site "Nickenich"]
[Date "2015.03.28"]
[Round "1"]
[White "Vochtel, Kevin"]
[Black "Goetz, Benjamin"]
[Result "0-1"]
[WhiteElo "983"]
[BlackElo "1556"]
[PlyCount "76"]
[EventDate "2015.03.28"]
[EventType "swiss"]
[EventRounds "7"]
[EventCountry "GER"]
[SourceTitle "EXT 2016"]
[Source "ChessBase"]
[SourceDate "2015.10.08"]
[SourceVersion "1"]
[SourceVersionDate "2015.10.08"]
[SourceQuality "1"]

1. e4 e5 2. Nf3 d6 3. Be2 Be7 4. 0-0 f5 5. d3 fxe4 6. dxe4 Nf6 7. Nc3 0-0 8. Ng5 Qe8 9. Bc4+ Kh8 10. Be6 h6 11. Bxc8 Qxc8 12. Nh3 g5 13. f3 c6 14. g4 Rg8 15. Kh1 Nbd7 16. Be3 Nf8 17. b4 Ng6 18. b5 Nf4 19. Nxf4 gxf4 20. Bf2 h5 21. h3 hxg4 22. hxg4 Rg6 23. Rg1 Kg7 24. Rg2 Qd7 25. bxc6 bxc6 26. Kg1 Rh8 27. a4 Rgh6 28. Kf1 Rh3 29. Ra3 d5 30. g5 Nxe4 31. Rb3 Rxf3 32. Nxe4 Rh1+ 33. Rg1 Qh3+ 34. Ke2 Rxb3 35. cxb3 Rxg1 36. Qxg1 dxe4 37. Qd1 Qf3+ 38. Ke1 Bb4+ 0-1